000 00557nam a2200229Ia 4500
003 OSt
005 20221005115547.0
006 a|||||r|||| 00| 0
007 ta
008 221004b |||||||| |||| 00| 0 eng d
024 _a47744
037 _cTextual
040 _aCRL
_cCRL
_beng
041 _2eng
_aeng
082 _aT2u58:N4, H5
100 _aLevin Deana
_9627748
245 0 _aChildern in Soviet Russia
260 _c1945
650 _aEDUCATION
942 _hT2u58:N4, H5
_cTEXL
_2cc
999 _c1035198
_d1035198